| Tag |
First Indicator |
Second Indicator |
Subfields |
| LEADER |
00000cam a2200000Ia 4500 |
| 001 |
in00002309821 |
| 005 |
20190326203717.0 |
| 006 |
m | d | |
| 007 |
cr |n||||||||n |
| 008 |
910515s1759 fr s f000 0 fre d |
| 040 |
|
|
|a NYG
|c GKS
|d OCL
|d Thomson Gale
|d UtOrBLW
|
| 043 |
|
|
|a e-fr---
|
| 110 |
1 |
|
|a France.
|b Direction de la poste de Paris.
|
| 245 |
1 |
0 |
|a Avis au public sur l'exécution de la poste intérieure de Paris :
|b établie par la Déclaration du roy du 8 juillet 1759 registrée au Parlement le 17 dudit mois.
|
| 264 |
|
1 |
|a [Paris?] :
|b [publisher not identified],
|c [1759]
|
| 300 |
|
|
|a 24 pages
|
| 336 |
|
|
|a text
|b txt
|2 rdacontent
|
| 337 |
|
|
|a computer
|b c
|2 rdamedia
|
| 338 |
|
|
|a online resource
|b cr
|2 rdacarrier
|
| 500 |
|
|
|a Caption title.
|
| 500 |
|
|
|a Reproduction of original from Widener Library, Harvard University.
|
| 500 |
|
|
|a Goldsmiths'-Kress number 09509.8-0.
|
| 510 |
4 |
|
|a OCLC,
|c 23745714
|
| 533 |
|
|
|a Electronic reproduction.
|b Farmington Hills, Mich. :
|c Thomson Gale,
|d 2005.
|f (The making of the modern world).
|n Available via the World Wide Web.
|n Access limited to licensing agreements.
|7 s2005 miunns
|
| 500 |
|
|
|a Electronic resource.
|
| 610 |
1 |
0 |
|a France.
|b Direction de la poste de Paris.
|
| 650 |
|
0 |
|a Postal service
|z France
|z Paris.
|
| 655 |
|
0 |
|a Electronic books.
|
| 830 |
|
0 |
|a Making of the modern world (Goldsmiths'-Kress Library of Economic Literature)
|
| 856 |
4 |
0 |
|u http://proxy.library.tamu.edu/login?url=http://galenet.galegroup.com/servlet/MOME?af=RN&ae=U108987583&srchtp=a&ste=14&locID=txshracd2898
|z Connect to the full text of this electronic book
|t 0
|
| 999 |
|
|
|a MARS
|
| 999 |
f |
f |
|s 404c4383-fbbe-31d6-b563-92fc7778a5e6
|i 8c869d79-b47e-367e-8b9d-3e3d6dd46e45
|t 0
|
| 952 |
f |
f |
|a Texas A&M University
|b College Station
|c Electronic Resources
|d Available Online
|t 0
|h No information provided
|
| 998 |
f |
f |
|t 0
|l Available Online
|